Sonar Bangla : agricultural growth and agrian change in West Bengal and Bangladesh (Record no. 11958)

MARC details
000 -LEADER
fixed length control field 01099nam a2200325Ia 4500
003 - CONTROL NUMBER IDENTIFIER
control field OSt
005 - DATE AND TIME OF LATEST TRANSACTION
control field 20220912144545.0
008 - FIXED-LENGTH DATA ELEMENTS--GENERAL INFORMATION
fixed length control field 220909b |||||||| |||| 00| 0 eng d
020 ## - INTERNATIONAL STANDARD BOOK NUMBER
International Standard Book Number 076199307X (hbk)
020 ## - INTERNATIONAL STANDARD BOOK NUMBER
International Standard Book Number SL00859617
037 ## - SOURCE OF ACQUISITION
Terms of availability Textual
040 ## - CATALOGING SOURCE
Original cataloging agency CSL
Language of cataloging eng
Transcribing agency CSL
041 ## - LANGUAGE CODE
Language code of text/sound track or separate title eng
100 ## - MAIN ENTRY--PERSONAL NAME
Personal name Rogaly Ben Ed.; Harriss-White Barbara Ed.; Bose Sugata Ed.
245 #0 - TITLE STATEMENT
Title Sonar Bangla : agricultural growth and agrian change in West Bengal and Bangladesh
260 ## - PUBLICATION, DISTRIBUTION, ETC.
Place of publication, distribution, etc. New Delhi
Name of publisher, distributor, etc. Sage
Date of publication, distribution, etc. 1999
300 ## - PHYSICAL DESCRIPTION
Extent 426p.
500 ## - GENERAL NOTE
General note Include bibliography references.; Index 418-424p.
650 ## - SUBJECT ADDED ENTRY--TOPICAL TERM
Topical term or geographic name entry element Agriculture and state- Bangladesh
650 ## - SUBJECT ADDED ENTRY--TOPICAL TERM
Topical term or geographic name entry element Agriculture- economic aspects- India
650 ## - SUBJECT ADDED ENTRY--TOPICAL TERM
Topical term or geographic name entry element Agriculture growth
700 ## - ADDED ENTRY--PERSONAL NAME
Personal name Rogaly Ben Ed.; Harriss-White Barbara Ed.; Bose Sugata Ed.
942 ## - ADDED ENTRY ELEMENTS (KOHA)
Classification part Y31:348(J).4475, N9
Koha item type Textual
Source of classification or shelving scheme Colon Classification (CC)

No items available.

Copyright @ Delhi University Library System